00562nam a2200205Ia 4500001000700000003000500007008004100012010001100053020001900064040000900083082001500092100002200107245008300129260003900212300001800251503001700269650001800286650002500304650002700329Z_1192CHAP220113s1977 xx 000 0 und d a164279 a0-12-49-2530-8 cCHAP a574.876 M4 aMetzler, David E. aBiochemistry : the chemical reactions of living cells /cpor David E Metzler aNew York :bAcademic Press,c1977 axxxii,1129 p. aej.1: 136654 aBioquímica  aHistoquímica I. t. aQuímicaxReacciones